Регионална библиотека "Любен Каравелов" - Русе

Самотата (Запис номер 400185)

MARC детайли
000 -Лидер
Контролно поле с фиксирана дължина 01289nam a2200277 a 4500
003 - Код на организацията, давaща контролен номер
Контролно поле BLK
005 - Дата и час на последна редакция
Контролно поле 20240910100739.0
008 - Елементи от данни с фиксирана дължина
fixed length control field 210308b bu |||||r|||| 00| 0 bu d
020 ## - Международен стандартен номер на книга ISBN
Международен стандартен номер на книга ISBN 9786190105701
040 ## - Източник на каталожния запис
Идентификатор на билиотеката - собственик на записа BLK
041 ## - Код за език
Код за езика на текст/звукозапис или на отделно заглавие Български
Код за езика КДБФ Български
080 ## - УДК
Текстов определител УДК Социокултурни аспекти на личността. Социализация на личността
УДК код - определител по УДК 316.61
УДК - код + определител 316.61
080 ## - УДК
Текстов определител УДК Индивидуална психология. Психология на личността. Индивидуалност. Психология на характера. Характерология. Психологическа типология
УДК код - определител по УДК 159.923
УДК - код + определител 159.923
100 ## - Редна дума - Автор
R(LIN) 442681
Автор Маринова, Севда Александрова
139 ## - Редно поле
Редна дума Маринова, Севда Александрова
Авторски знак Мари - М 31
245 ## - Сведения за заглавието
Заглавие Самотата
Редно поле (дума) Севда Маринова
260 ## - Област на издателските данни
9 (RLIN) 210881
Място на издаване, разпространение и проч. София
Име на издателя, разпространителя и проч. Изток-Запад
Година на издаване 2020
300 ## - Физическа характеристика
Страници 240 с.
Размери/Мащаб 22 см
380 ## - Жанр
Жанр Обществени науки
504 ## - Забележка за наличие на библиография и др
Забележка за наличие на библиография и под. Библиогр.: с. 237-239
650 #7 - Допълнително описание по предмет – тема
9 (RLIN) 165385
Основно описание – тема или топоним Отчуждение [социол.]
650 #0 - Допълнително описание по предмет – тема
9 (RLIN) 243160
Основно описание – тема или топоним Личност - психология
852 ## - Местоположение
Форматна сигнатура Цб 306808
Фондова буква Хранилище
942 ## - АРТИКУЛИ
Вид на библиотечния материал Книги
Скрит в OPAC Не
Koha issues (borrowed), all copies 2
944 ## - СЪЗДАВАНЕ И РЕДАКЦИЯ на ЗАПИСА
Създаване/Редакция Създаване
Дата на регистрацията/редакция 2021-03-08
Служител, извършил регистрацията/редакцията 30531
Статус, дата на статуса Цветелина Шанова
999 ## - СИСТЕМНИ КОНТРОЛНИ НОМЕРА
Koha biblionumber 400185
Koha biblioitemnumber 400185
Наличности
Код за отписване Код за изгубен артикул Източник на класификационната схема Код за повреда Коз за рестрикции Код за отдаване Артикулен № Име на библиотеката - собственик Име на библиотеката, в която се намира в момента Статус (Текущо местоположение) Дата на вписване в системата Местоположение - отдел Цена в лева Систематично азбучна сигнатура Баркод Цена в евро Служебен тип на артикула Инвентарен номер
  Не е изгубен Universal Decimal Classification Не е повреден само за читалня ползва се в читалня 815259 Регионална библиотека "Любен Каравелов" Русе Регионална библиотека "Любен Каравелов" Русе Хранилище 2021-03-09 Хранилище 15.00 Цб 306808 120000852613 7.67 Книги  
  Не е изгубен Universal Decimal Classification Не е повреден   заемане за дома 944186 Регионална библиотека "Любен Каравелов" Русе Регионална библиотека "Любен Каравелов" Русе Заемна - подръчен фонд 2024-06-13 Заемна - подръчен фонд 15.00 316.6/М 31 С 120000909246 7.67 Книги 120000909246
  Не е изгубен Universal Decimal Classification Не е повреден   заемане за дома 944188 Регионална библиотека "Любен Каравелов" Русе Регионална библиотека "Любен Каравелов" Русе Заемна - подръчен фонд 2024-06-13 Заемна - подръчен фонд 15.00 316.6/М 31 С 120000909247 7.67 Книги 120000909247
Vip Innovations Ltd, Rousse, Bulgaria 2025